000 00681nam a2200265Ia 4500
005 20260121170625.0
008 008 260114s9999 xx 000 0 eng d
020 _a9783319647890
037 _aEBOOK
040 _aCRL
040 _beng
040 _cCRL
041 _2eng
041 _aeng
084 _qCRL
100 _aHans J. ten Donkelaar, David KachlĂ­k, R. Shane Tubbs
_91066169
245 3 _aAn Illustrated Terminologia Neuroanatomica
260 _bSpringer
260 _bSpringer
260 _c2018
856 _uhttps://link.springer.com/openurl?genre=book&isbn=978-3-319-64789-0
942 _cEBOOK
999 _c1631899
_d1631899